La polt̕ica exterior de Rusia los conflictos congelados y la construccin̤ de un orden internacional multipolar /

Bibliographic Details
Main Author: Lp̤ez Jimňez, Jos ̌ℓngel
Other Authors: Morales Hernǹdez, Javier
Format: eBook
Language:Spanish
Published: Madrid: Dykinson, 2017
Subjects:
Online Access:Acceso restringido

MARC

LEADER 00000nam a22000007a 4500
005 20180511212627.0
007 cr|||| ||||
008 180511s2017 es |||||s|||| 00||0 spa d
020 |a 978-84-9148-566-7 
035 |a 21647 
040 |a vLex 
090 |c 7943  |d 7943 
100 1 |a Lp̤ez Jimňez, Jos ̌ℓngel 
245 1 2 |a La polt̕ica exterior de Rusia  |h [Recurso electrn̤ico] :  |b los conflictos congelados y la construccin̤ de un orden internacional multipolar /  |c Jos ̌ℓngel Lp̤ez Jimňez 
256 |a Servicio en ln̕ea 
260 |a Madrid:  |b Dykinson,  |c 2017 
300 |a 1 recurso electrn̤ico 
506 1 |a Disponible solo en los productos indicados  |d vLex Global  |d vLex Global (Academic Edition, excluding Law Schools)  |d vLex Global (U.S. Academic Edition, Law Schools)  |d vLex Global (U.S. Academic Edition, excluding Law Schools)  |d vLex Global (Academic Edition, Law Schools) 
650 0 4 |a Derecho Internacional  |z Espaą 
700 1 |a Morales Hernǹdez, Javier 
740 0 |a vLex Libros (Servicio en ln̕ea) 
856 4 0 |u http://vlex.com/source/politica-exterior-rusia-conflictos-congelados-construccion-orden-internacional-multipolar-21647  |z Acceso restringido 
942 |c BOOK 
999 0 |a International right